000 01807nam0a2200361 4500
001 RU\NLR\bibl\1367930
005 20260407201908.0
010 _a5-8064-0827-0
_9300
035 _a(nilc)EL/0000250676
035 _a(NLR Aleph) 001360077
090 _a975620
_c975620
100 _a20090304d2008 |||y0rusy50 ca
101 0 _arus
102 _aRU
105 _ay |||||||||
200 1 _aЖилище и одежда как феномен этнической культуры
_eматериалы Седьмых Санкт-Петербургских этнографических чтений
_f[отв. науч. ред.: В.М. Грусман, А.В. Коновалов]
210 _aСанкт-Петербург
_cРГПУ
_d2008
215 _a330 с.
_d20
300 _aВ надзаг.: М-во культуры Рос. Федерации, Рос. этногр. музей
320 _aБиблиогр. в конце ст.
606 0 _aЖилище
_jСъезды, совещания и т.п.
_xЭтнографические исследования
_92270823
_3RU\NLR\auth\661361057
606 1 _aКостюм
_jСъезды, совещания и т.п.
_xЭтнографические исследования
_92535247
_3RU\NLR\auth\661501408
686 _a63.5-423я431
_vLBC/M
_2rubbk
686 _a63.5-426я431
_vLBC/M
_2rubbk
686 _aТ594.23я431
686 _aТ594.26я431
702 1 _aГрусман
_bВ. М.
_gВладимир Моисеевич
_4340
711 1 2 _aСанкт-Петербургские этнографические чтения
_d7
_f2008
_3RU\NLR\AUTH\8810133068
_9762430
801 0 _aRU
_bГПИБ России
_c20090304
_grcr
801 1 _aRU
_bГПИБ России
_c20090304
_2rusmarc
801 2 _aRU
_bNLR
_c20090512
_grcr
942 _cBOOK
980 _aNB